<?xml version="1.0" encoding="UTF-8"?>
<record
    xmlns:xsi="http://www.w3.org/2001/XMLSchema-instance"
    xsi:schemaLocation="http://www.loc.gov/MARC21/slim http://www.loc.gov/standards/marcxml/schema/MARC21slim.xsd"
    xmlns="http://www.loc.gov/MARC21/slim">

  <leader>03175nam a2200493 i 4500</leader>
  <controlfield tag="003">DO-SdBNP</controlfield>
  <controlfield tag="005">20260306091826.0</controlfield>
  <controlfield tag="006">a||||gr|||| 00| 0 </controlfield>
  <controlfield tag="008">240725e2024    tr ac||| |||| 00| p spa d</controlfield>
  <datafield tag="020" ind1=" " ind2=" ">
    <subfield code="a">9786051367309</subfield>
  </datafield>
  <datafield tag="040" ind1=" " ind2=" ">
    <subfield code="a">DO-SdBNP</subfield>
    <subfield code="b">spa</subfield>
    <subfield code="c">BNPHU</subfield>
    <subfield code="e">rda</subfield>
  </datafield>
  <datafield tag="041" ind1=" " ind2=" ">
    <subfield code="h">tr</subfield>
  </datafield>
  <datafield tag="082" ind1=" " ind2="4">
    <subfield code="a">RD861.408</subfield>
    <subfield code="b">S464p</subfield>
    <subfield code="2">22</subfield>
  </datafield>
  <datafield tag="242" ind1=" " ind2=" ">
    <subfield code="a"> </subfield>
  </datafield>
  <datafield tag="245" ind1="0" ind2="0">
    <subfield code="a">Selecci&#xF3;n de poemas de autores dominicanos= Dominikli sairlerdern bir secki /</subfield>
    <subfield code="c">Pedro Mir, Franklin Mieses Burgos, Manuel del Cabral, Norberto James Rawlings, A&#xED;da Cartagena Portalat&#xED;n, Ren&#xE9; del Risco Bermudez, Salom&#xE9; Ure&#xF1;a, Virgilio D&#xED;az Ordo&#xF1;ez, Tony Raful, Flavio Amaury Rond&#xF3;n de Jes&#xFA;s, Andr&#xE9;s L. Mateo pr&#xF3;logo, Elvis Antonio Alam Lora.</subfield>
  </datafield>
  <datafield tag="246" ind1="0" ind2="1">
    <subfield code="a">Dominikli sairlerdern bir secki </subfield>
  </datafield>
  <datafield tag="264" ind1=" " ind2="1">
    <subfield code="a">Ankara, Turqu&#xED;a :</subfield>
    <subfield code="b">Universidad de Ankara. Centro de Estudios Latinoamericanos,</subfield>
    <subfield code="c">2024</subfield>
  </datafield>
  <datafield tag="300" ind1=" " ind2=" ">
    <subfield code="a">x, 170 p&#xE1;ginas :</subfield>
    <subfield code="b">ilustraciones, retratos ;</subfield>
    <subfield code="c">24 cm</subfield>
  </datafield>
  <datafield tag="336" ind1=" " ind2=" ">
    <subfield code="2">rda content</subfield>
    <subfield code="a">texto </subfield>
    <subfield code="b">txt</subfield>
  </datafield>
  <datafield tag="337" ind1=" " ind2=" ">
    <subfield code="2">rdamedia</subfield>
    <subfield code="a">sin mediaci&#xF3;n</subfield>
    <subfield code="b">n</subfield>
  </datafield>
  <datafield tag="338" ind1=" " ind2=" ">
    <subfield code="2">rdacarrier</subfield>
    <subfield code="a">volumen</subfield>
    <subfield code="b">nc</subfield>
  </datafield>
  <datafield tag="490" ind1="0" ind2=" ">
    <subfield code="a">Publicaciones de la Universidad de Ankara ;</subfield>
    <subfield code="v">826 </subfield>
  </datafield>
  <datafield tag="500" ind1=" " ind2=" ">
    <subfield code="a">Texto en espa&#xF1;ol y turco</subfield>
  </datafield>
  <datafield tag="505" ind1=" " ind2=" ">
    <subfield code="a">Presentaci&#xF3;n.-- Pr&#xF3;logo.</subfield>
    <subfield code="r">Pedro Mir /</subfield>
    <subfield code="t">Hay un Pa&#xED;s en el Mundo.-- Ni un Paso Atr&#xE1;s.-- Contracanto a Walt Whitman.--</subfield>
    <subfield code="r">Franklin Mieses Burgos /</subfield>
    <subfield code="r">Canci&#xF3;n de la Noche Larga.-- F&#xE1;bula inefable de la ni&#xF1;a Loca.--</subfield>
    <subfield code="t">Manuel del Cabral /</subfield>
    <subfield code="r">Compadre Mon.-- Am&#xE9;rica Rota.--</subfield>
    <subfield code="t">Norberto James Rawlings /</subfield>
    <subfield code="r">Los Inmigrantes.-- No tuvo Libros.--</subfield>
    <subfield code="t">A&#xED;da Cartagena Portalat&#xED;n /</subfield>
    <subfield code="r">Una mujer est&#xE1; sola.--</subfield>
    <subfield code="t">Ren&#xE9; del Risco Bermudez /</subfield>
    <subfield code="t">El viento Fr&#xED;o.-- Una Primavera para el Mundo.--</subfield>
    <subfield code="r">Salom&#xE9; Ure&#xF1;a /</subfield>
    <subfield code="t">Virgilio D&#xED;az Ordo&#xF1;e /</subfield>
    <subfield code="r">La llegada del Invierno.-- El Acto.-- Coloquio con mi Esqueleto.--</subfield>
    <subfield code="r">Tony Raful /</subfield>
    <subfield code="t">Ante una Mujer Desnuda.-- Mir&#xE1;ndote Bailando (Fragmentos).-- Cantatas de la Luna en Cofrad&#xED;as de Bohemios Viandantes.--</subfield>
    <subfield code="r">Flavio Amaury Rond&#xF3;n de Jes&#xFA;s /</subfield>
    <subfield code="t">(T&#xFA;) Recuerdos del Para&#xED;so.-- La Mujer y el Tiempo.-- Noches sin t&#xED;.--</subfield>
    <subfield code="r">Andr&#xE9;s L. Mateo /</subfield>
    <subfield code="t">El Margen del Venerable Her&#xE1;clito</subfield>
  </datafield>
  <datafield tag="546" ind1=" " ind2=" ">
    <subfield code="a">Obra en idioma espa&#xF1;ol y turco.</subfield>
  </datafield>
  <datafield tag="563" ind1=" " ind2=" ">
    <subfield code="a">Dos obras publicadas juntas con paginaci&#xF3;n independiente en encuadernaci&#xF3;n invertida.</subfield>
  </datafield>
  <datafield tag="590" ind1=" " ind2=" ">
    <subfield code="a">Inventariado 2024 / MF</subfield>
  </datafield>
  <datafield tag="650" ind1=" " ind2="7">
    <subfield code="a">Poes&#xED;a dominicana</subfield>
    <subfield code="2">LEMB</subfield>
    <subfield code="v">Colecciones</subfield>
  </datafield>
  <datafield tag="650" ind1=" " ind2="7">
    <subfield code="a">Literatura dominicana</subfield>
    <subfield code="v">Colecciones </subfield>
    <subfield code="9">7123</subfield>
  </datafield>
  <datafield tag="700" ind1="1" ind2=" ">
    <subfield code="a">Mir, Pedro,</subfield>
    <subfield code="d">1913-2000</subfield>
    <subfield code="9">7245</subfield>
    <subfield code="e">autor</subfield>
  </datafield>
  <datafield tag="700" ind1="1" ind2=" ">
    <subfield code="a">Mieses Burgos, Franklin,</subfield>
    <subfield code="d">1907-1976</subfield>
    <subfield code="e">autor</subfield>
    <subfield code="9">1952</subfield>
  </datafield>
  <datafield tag="700" ind1="1" ind2=" ">
    <subfield code="a">Cabral, Manuel del,</subfield>
    <subfield code="d">1907-1999</subfield>
    <subfield code="9">23556</subfield>
    <subfield code="e">autor</subfield>
  </datafield>
  <datafield tag="700" ind1="1" ind2=" ">
    <subfield code="a"> Rawlings, Norberto James,</subfield>
    <subfield code="d">1945-</subfield>
    <subfield code="9">7206</subfield>
    <subfield code="e">autor</subfield>
  </datafield>
  <datafield tag="700" ind1="1" ind2=" ">
    <subfield code="a">Cartagena Portalat&#xED;n, A&#xED;da,</subfield>
    <subfield code="d">1918-1994</subfield>
    <subfield code="9">23557</subfield>
    <subfield code="e">autor</subfield>
  </datafield>
  <datafield tag="700" ind1="1" ind2=" ">
    <subfield code="a">Risco Berm&#xFA;dez, Ren&#xE9; del,</subfield>
    <subfield code="d">1937-1972</subfield>
    <subfield code="9">12315</subfield>
    <subfield code="e">autor</subfield>
  </datafield>
  <datafield tag="700" ind1="1" ind2=" ">
    <subfield code="a">Ure&#xF1;a de Henr&#xED;quez, Salom&#xE9; ,</subfield>
    <subfield code="d">1850-1897</subfield>
    <subfield code="9">920</subfield>
    <subfield code="e">autor</subfield>
  </datafield>
  <datafield tag="700" ind1="1" ind2=" ">
    <subfield code="a">D&#xED;az Ord&#xF3;&#xF1;ez, Virgilio. </subfield>
    <subfield code="d">1895-1968</subfield>
    <subfield code="9">86718</subfield>
  </datafield>
  <datafield tag="700" ind1="1" ind2=" ">
    <subfield code="a">Raful, Tony,</subfield>
    <subfield code="d">1951-</subfield>
    <subfield code="9">1377</subfield>
  </datafield>
  <datafield tag="700" ind1="1" ind2=" ">
    <subfield code="a">Rondon de Jes&#xFA;s, Flavio Amaury</subfield>
    <subfield code="d">1972-</subfield>
    <subfield code="9">86719</subfield>
  </datafield>
  <datafield tag="700" ind1="1" ind2=" ">
    <subfield code="a">Mateo, Andr&#xE9;s L. </subfield>
    <subfield code="d">1946-</subfield>
    <subfield code="9">776</subfield>
  </datafield>
  <datafield tag="700" ind1="1" ind2=" ">
    <subfield code="a">Alam Lora, Elvis Antonio,                 </subfield>
    <subfield code="e">pr&#xF3;logo</subfield>
    <subfield code="9">86168</subfield>
  </datafield>
  <datafield tag="910" ind1=" " ind2=" ">
    <subfield code="a">Validado. Control de calidad MFF</subfield>
  </datafield>
  <datafield tag="942" ind1=" " ind2=" ">
    <subfield code="2">ddc</subfield>
    <subfield code="c">LBS1</subfield>
  </datafield>
  <datafield tag="952" ind1=" " ind2=" ">
    <subfield code="0">0</subfield>
    <subfield code="1">0</subfield>
    <subfield code="2">ddc</subfield>
    <subfield code="5">1</subfield>
    <subfield code="7">0</subfield>
    <subfield code="8">PD</subfield>
    <subfield code="a">BNPHU</subfield>
    <subfield code="b">BNPHU</subfield>
    <subfield code="c">HD</subfield>
    <subfield code="d">2024-06-18</subfield>
    <subfield code="e">Dep&#xF3;sito Legal / Embajada de la Rep&#xFA;blica Dominicana en Tuquiye</subfield>
    <subfield code="l">0</subfield>
    <subfield code="o">BNPHU PD RD861.408 S464p</subfield>
    <subfield code="p">2024-4623</subfield>
    <subfield code="r">2024-07-25</subfield>
    <subfield code="w">2024-07-25</subfield>
    <subfield code="y">LBS1</subfield>
  </datafield>
  <datafield tag="952" ind1=" " ind2=" ">
    <subfield code="0">0</subfield>
    <subfield code="1">0</subfield>
    <subfield code="2">ddc</subfield>
    <subfield code="5">1</subfield>
    <subfield code="7">0</subfield>
    <subfield code="8">PD</subfield>
    <subfield code="a">BNPHU</subfield>
    <subfield code="b">BNPHU</subfield>
    <subfield code="c">HD</subfield>
    <subfield code="d">2024-06-18</subfield>
    <subfield code="e">Dep&#xF3;sito Legal / Embajada de la Rep&#xFA;blica Dominicana en Tuquiye</subfield>
    <subfield code="l">0</subfield>
    <subfield code="o">BNPHU PD RD861.408 S464p</subfield>
    <subfield code="p">2024-4624</subfield>
    <subfield code="r">2024-07-25</subfield>
    <subfield code="t">e.2</subfield>
    <subfield code="w">2024-07-25</subfield>
    <subfield code="y">LBS1</subfield>
  </datafield>
  <datafield tag="952" ind1=" " ind2=" ">
    <subfield code="0">0</subfield>
    <subfield code="1">0</subfield>
    <subfield code="2">ddc</subfield>
    <subfield code="5">1</subfield>
    <subfield code="7">0</subfield>
    <subfield code="8">PD</subfield>
    <subfield code="a">BNPHU</subfield>
    <subfield code="b">BNPHU</subfield>
    <subfield code="c">HD</subfield>
    <subfield code="d">2024-06-18</subfield>
    <subfield code="e">Dep&#xF3;sito Legal / Embajada de la Rep&#xFA;blica Dominicana en Tuquiye</subfield>
    <subfield code="l">0</subfield>
    <subfield code="o">BNPHU DS RD861.408 S464p</subfield>
    <subfield code="p">2024-4625</subfield>
    <subfield code="r">2024-07-25</subfield>
    <subfield code="t">e.3</subfield>
    <subfield code="w">2024-07-25</subfield>
    <subfield code="y">LBS1</subfield>
  </datafield>
  <datafield tag="999" ind1=" " ind2=" ">
    <subfield code="c">57359</subfield>
    <subfield code="d">57359</subfield>
  </datafield>
</record>
